000 00568cam a22002053a 4500
001 38834
003 PGUSA
005 20140828083845.0
008 120211s2012||||xxu|||||s|||||000 | eng d
040 _aPGUSA
_beng
042 _adc
100 1 _aWhitehill, Dorothy
245 1 4 _aThe Twins in the South
_h[electronic resource] /
_cDorothy Whitehill
260 _bProject Gutenberg,
_c2012
506 _aPublic domain in the USA.
516 _aElectronic text
830 0 _aProject Gutenberg
_v38834
856 4 0 _uhttp://www.gutenberg.org/ebooks/38834
942 _cEB
999 _c268088
_d268088